Score 0/24 Timer 03:00
0 Plays Today
Hint 3-Letter Word % Correct
Organ of vision•EYE•
99.3%
Female deerDOE
97.1%
Baseball hatCAP
96.5%
Short sleepNAP
96.4%
Honey-producing insect•BEE•
96.3%
PolicemanCOP
96.3%
Rapper Andre Young: Dr. ___DRE
95.9%
Precedes 'Humbug!'BAH
93.6%
Before, poeticallyERE
93.2%
2,000 poundsTON
92.9%
50's music: ___ WopDOO
92.8%
Sheep bleatBAA
92.6%
Hint 3-Letter Word % Correct
Slangy negative•NAH•
91.9%
Homer Simpson's exclamation D'OH!
91.6%
'The Golden Girls' ArthurBEA
91.2%
Dove call•COO•
90.3%
Jailbird•CON•
90.2%
UK runner SebastianCOE
87.9%
Second binary number•TEN•
84.6%
Twisted Sister's SniderDEE
84.5%
Squalid dwelling: '___ of thieves'DEN
83.4%
'No kidding!' (sarcastically)•DUH•
83.4%
Scheduled, like homeworkDUE
80.1%
German definite article (masc.)•DER•
62.7%

Today's Daily Dose

Remove Ads.
Support Sporcle.
Get the best of Sporcle when you Go Orange. This ad-free experience offers more features, more stats, and more fun while also helping to support Sporcle. Thank you for becoming a member.

You're not logged in!

Compare scores with friends on all Sporcle quizzes.
OR
Log In

Show Comments

Extras

Top Quizzes Today


Score Distribution

Your Account Isn't Verified!

In order to create a playlist on Sporcle, you need to verify the email address you used during registration. Go to your Sporcle Settings to finish the process.

Report this User

Report this user for behavior that violates our Community Guidelines.

Details: